02420cam a22005054i 4500003000900000005001700009008004100026020001500067020001800082035002700100040003300127049000900160082002000169100002800189245007900217250002000296264003400316300003800350336002100388337002500409338002300434504004000457504003400497505055700531526001001088526001001098526001001108526001001118526000801128526000801136526000801144526000801152526000801160526000801168526000801176630003501184700003001219942001401249949019001263994001401453596000601467999021301473980005501686952017301741PE-LiUPU20250731172831.0150623s2014 miu rb 001 0 eng d a0310517826 a9780310517825 a(Sirsi) i9780310517825 aPE-LiUPUbspacPE-LiUPUerda aPRUA04a220.7bF33 20141 aFee, Gordon D.,eautor.10aHow to read the Bible for all its worth /cGordon D. Fee, Douglass Stuart. aFourth edition. 1aMichigan :bZondervan,c2014. a301 páginas ;c20 centímetros atext2rdacontent aunmediated2rdamedia avolume2rdacarrier aBibliografía : páginas 279-290. aÍndice : páginas 291-301.0 aIntroduction: the need to interpret -- The Basic tool: a good translation -- The epistles : learning to think contextually -- The epistles: the hermeneutical questions -- The Old Testament narratives: Their Proper use -- Acts: the question of historical precedent -- The gospels: one story, manydimensions -- The parables: do you get the point? -- The law(s): covenant stipulations for Israel -- The prophets: enforcing the convenant in Israel -- The Psalms: Israel's prayers and ours -- Wisdom: then and now -- Revelation: images of judment and hope. aSEG42 aSEG41 aSEG40 aSEG39 aP94 aP87 aP86 aP85 aP77 aP76 aP35 aBibliaxEstudio y enseñanza.1 aStuart, Douglass,eautor. 2ddccBOOK aPGT 220.7 F33 2014wDEWEYc1i71896lCCODEBUL1mBULp19.00r0sYtBOOKu2015-8-25xTEOLOGIAPP850COMPRAo.CIRCNOTE. No olvidar cambiar la fecha de devolución!!!!!!!o.STAFF. Posgrado aC0bPEPRU a1 aPGT 220.7 F33 2014wDEWEYc6814i71896f2021-11-9g5lCCODEBUL1mBULp19.00r0sYtBOOKu2015-8-25xTEOLOGIAPP850COMPRAo.CIRCNOTE. No olvidar cambiar la fecha de devolución!!!!!!!o.STAFF. Posgradod6814 81gALBERTO SANCHEZ Responsable de Automatización r2025-12-02 00:00:00i6l0o220.7 F33 2014p71896te1v24.00w2015-08-25xPGyBKzinventario-2023-12-13102ddc50708GENfP85aBULbBULcGENd2015-08-25eCOMPRAg19.00